[Event "Match"]
[Site "www.echecsemail.com"]
[Date "2018.12.14"]
[Round "1"]
[White "Liencam2"]
[Black "Blackorblanc"]
[WhiteElo "2370"]
[BlackElo "1649"]
[Result "1-0"]
[Round "1"]
1.e4 g5
2.d4 h6
3.f4 Ng8f6
4.e5 Nf6d5
5.fxg5 hxg5
6.Bc1xg5 d6
7.Bf1c4 Bc8e6
8.Qd1f3 Nb8c6
9.Ng1e2 dxe5
10.Nb1c3 Nc6b4
11.Bc4b3 f6
12.Bg5d2 c6
13.dxe5 Bf8g7
{ time. }
1-0

[Event "Match"]
[Site "www.echecsemail.com"]
[Date "2018.12.14"]
[Round "1"]
[White "Blackorblanc"]
[Black "Erno"]
[WhiteElo "1649"]
[BlackElo "1969"]
[Result "0-1"]
[Round "1"]
1.g4 d5
2.g5 c5
3.h4 e5
4.Bf1g2 h6
5.g6 fxg6
6.c4 d4
7.d3 Ng8f6
8.Nb1d2 Bf8e7
9.Ng1h3 O-O
10.f4 Nf6g4
11.Bg2d5 Qd8xd5
12.cxd5 { time. }
0-1

[Event "Tourn. n10022"]
[Site "www.echecsemail.com"]
[Date "2018.12.14"]
[Round "1"]
[White "Erno"]
[Black "Bojan"]
[WhiteElo "2219"]
[BlackElo "2000"]
[Result "1-0"]
[Round "1"]
1.d4 d5
2.c4 dxc4
3.e3 b5
4.a4 c6
5.axb5 cxb5
6.Qd1f3 Qd8b6
7.Qf3xa8 a6
8.Bf1e2 e6
9.Bc1d2 Ng8f6
10.Bd2a5 Qb6d6
11.Ng1f3 Nf6d7
12.Nf3e5 Nd7xe5
13.dxe5 Qd6xe5
14.Nb1c3 Bf8c5
15.Nc3e4 Bc5e7
16.f4 Qe5xb2
17.Kf2 O-O
18.Rh1b1 Qb2c2
19.Rb1c1 Qc2xc1
20.Ra1xc1 Nb8c6
21.Qa8xc6 f5
22.Ne4d6 { resign }
1-0

[Event "Match"]
[Site "www.echecsemail.com"]
[Date "2018.12.14"]
[Round "1"]
[White "Zorkvonblitz"]
[Black "Sonny1000"]
[WhiteElo "1649"]
[BlackElo "1550"]
[Result "0-1"]
[Round "1"]
1.g4 e5
2.h4 e4
3.g5 g6
4.Bf1g2 Bf8c5
5.Bg2xe4 d5
6.Be4g2 c6
7.d4 Bc5b4
8.c3 Bb4a5
9.Bc1f4 h5
10.Ng1f3 Qd8b6
11.Qd1c2 { time. }
0-1

[Event "Match"]
[Site "www.echecsemail.com"]
[Date "2018.12.14"]
[Round "1"]
[White "Luke1302"]
[Black "Blackorblanc"]
[WhiteElo "1390"]
[BlackElo "1649"]
[Result "1-0"]
[Round "1"]
1.e4 g5
2.b3 Bf8g7
3.c3 h5
4.b4 g4
5.h3 d5
6.Bf1e2 dxe4
7.Be2b5 c6
8.Bb5a4 f5
9.b5 Bc8d7
{ time. }
1-0

[Event "Match"]
[Site "www.echecsemail.com"]
[Date "2018.12.14"]
[Round "1"]
[White "Ztornad"]
[Black "Guidom"]
[WhiteElo "1820"]
[BlackElo "2160"]
[Result "0-1"]
[Round "1"]
1.e4 e5
2.d4 exd4
3.Qd1xd4 Qd8f6
4.Qd4xf6 Ng8xf6
5.e5 Nf6d5
6.Ng1e2 Nb8c6
7.c3 Nc6xe5
8.Ne2f4 Nd5b6
9.b3 d6
10.Nf4d3 Ne5xd3
11.Bf1xd3 g6
12.O-O Bf8g7
13.Bc1d2 O-O
14.Nb1a3 a6
15.Ra1c1 Bc8e6
16.Na3c4 Nb6xc4
17.Bd3xc4 Be6xc4
18.bxc4 Rf8e8
19.Rf1e1 Kf8
20.g3 b6
21.Re1e3 Re8xe3
22.Bd2xe3 Ra8e8
23.a4 a5
24.Kg2 Re8e4
25.Be3d4 Bg7xd4
26.cxd4 Re4xd4
27.Rc1c2 f5
28.f4 Kf7
29.Kf3 Rd4e4
30.g4 Re4e1
31.g5 Re1a1
32.c5 dxc5
33.Rc2d2 Ra1e1
34.Kf2 Re1e4
35.Kf3 Ke7
36.h4 Re4xa4
37.Rd2e2 Ra4e4
38.Re2d2 c4
39.Rd2c2 a4
40.Rc2b2 Kd7
41.Rb2d2 Kc8
42.h5 b5
43.Rd2d5 c6
44.Rd5d6 Kc7
45.Rd6f6 a3
46.Rf6f7 Kb6
47.Rf7xh7 gxh5
48.Rh7xh5 a2
49.Rh5h1 b4
50.g6 Re4e8
51.g7 Re8g8
52.Rh1h8 Rg8xg7
53.Rh8b8 Kc5
54.Rb8a8 b3
55.Ra8a5 Kb4
56.Ra5xf5 a1Q
57.Ke4 Qa1b1
58.Ke5 Qb1d3
59.Ke6 b2
60.Rf5e5 Qd3d7
61.Kf6 Qd7f7
{ resign }
0-1

[Event "Tourn. n9966"]
[Site "www.echecsemail.com"]
[Date "2018.12.14"]
[Round "1"]
[White "Seger"]
[Black "Rons"]
[WhiteElo "2830"]
[BlackElo "2660"]
[Result "1/2-1/2"]
[Round "1"]
1.e4 c5
2.Ng1f3 d6
3.d4 cxd4
4.Nf3xd4 Ng8f6
5.Nb1c3 a6
6.h3 e5
7.Nd4b3 Bf8e7
8.Bc1e3 Bc8e6
9.f4 exf4
10.Be3xf4 Nb8c6
11.Qd1e2 Nf6d7
12.O-O-O Nc6e5
13.Qe2e3 Ra8c8
14.Nb3d4 Be7f6
15.Bf1e2 Nd7b6
16.Qe3g3 O-O
17.h4 Nb6c4
18.Bf4g5 Rf8e8
19.Be2xc4 Rc8xc4
20.Nd4xe6 Re8xe6
21.Bg5xf6 Qd8xf6
22.b3 Rc4c8
23.Nc3d5 Qf6d8
24.Kb1 b5
25.Rh1f1 a5
26.h5 a4
27.Nd5e3 Qd8c7
28.Ne3f5 Qc7xc2
29.Ka1 Qc2c3
30.Qg3xc3 Rc8xc3
31.Nf5d4 Re6e8
32.Nd4xb5 Rc3c2
33.bxa4 h6
34.Nb5xd6 Re8a8
35.Rd1c1 Rc2xg2
36.Rc1c8 Ra8xc8
37.Nd6xc8 Rg2c2
38.Nc8d6 g6
39.a5 Rc2c5
40.Nd6b7 Rc5c6
41.Rf1d1 gxh5
42.Kb2 Rc6a6
43.Ka3 Ra6a7
44.Rd1d5 f6
45.Nb7d6 h4
46.Ka4 { draw }
1/2-1/2

[Event "Match"]
[Site "www.echecsemail.com"]
[Date "2018.12.14"]
[Round "1"]
[White "Whitekknight"]
[Black "Blackorblanc"]
[WhiteElo "1840"]
[BlackElo "1649"]
[Result "1-0"]
[Round "1"]
1.e4 g5
2.d4 h6
3.Nb1c3 c5
4.Ng1f3 Nb8c6
5.d5 Nc6b8
6.Bf1c4 g4
7.Nf3e5 h5
8.d6 e6
9.Bc1e3 Qd8b6
10.Nc3b5 Nb8a6
11.h3 f6
12.Ne5g6 Rh8h7
13.Ng6xf8 Kxf8
14.Bc4d3 Na6b4
15.hxg4 h4
16.Bd3e2 a6
{ time. }
1-0

[Event "Tourn. n10001"]
[Site "www.echecsemail.com"]
[Date "2018.12.14"]
[Round "1"]
[White "Picifarkinca"]
[Black "Zorkvonblitz"]
[WhiteElo "1840"]
[BlackElo "1649"]
[Result "1/2-1/2"]
[Round "1"]
1.g3 Nb8c6
2.Bf1g2 g5
3.d4 h6
4.e4 e5
5.d5 Nc6e7
6.Bc1e3 d6
7.h4 g4
8.c4 b6
9.Nb1c3 h5
10.Ng1e2 f5
11.Qd1d2 Ne7g6
12.Be3g5 Bf8e7
13.Bg5xe7 Qd8xe7
14.O-O-O { draw }
1/2-1/2

[Event "Tourn. n10001"]
[Site "www.echecsemail.com"]
[Date "2018.12.14"]
[Round "1"]
[White "Julian"]
[Black "Zorkvonblitz"]
[WhiteElo "1680"]
[BlackElo "1649"]
[Result "1-0"]
[Round "1"]
1.e4 Nb8c6
2.d4 d5
3.Nb1c3 dxe4
4.Bf1b5 Bc8d7
5.Nc3xe4 e6
6.Ng1f3 a6
7.Bb5a4 b5
8.Ba4b3 Ng8f6
9.Ne4xf6 gxf6
{ time. }
1-0

[Event "Tourn. n9941"]
[Site "www.echecsemail.com"]
[Date "2018.12.15"]
[Round "1"]
[White "Obisporey"]
[Black "Seger"]
[WhiteElo "2550"]
[BlackElo "2850"]
[Result "0-1"]
[Round "1"]
1.e4 c5
2.d4 cxd4
3.c3 dxc3
4.Nb1xc3 Nb8c6
5.Ng1f3 h6
6.Bf1c4 e6
7.O-O a6
8.Bc1e3 d6
9.Bc4d3 Ng8f6
10.Qd1b3 Nc6a5
11.Qb3c2 Nf6g4
12.Be3f4 Na5c6
13.Ra1d1 Bc8d7
14.Bd3e2 e5
15.Bf4d2 Ra8c8
16.Qc2b3 Nc6a5
17.Qb3a3 d5
18.b4 d4
19.Nc3d5 Na5c6
20.Qa3b3 Ng4f6
21.b5 axb5
22.Be2xb5 Bf8d6
23.Rf1e1 O-O
24.Rd1b1 Bd7e6
25.Bb5c4 Nf6d7
26.Qb3xb7 Nd7c5
27.Qb7b2 Be6g4
28.Qb2b6 Bg4xf3
29.gxf3 Qd8h4
30.Rb1c1 d3
31.Re1e3 Rf8d8
32.Bc4a6 Rc8a8
33.Rc1xc5 Bd6xc5
34.Qb6xc6 Bc5xe3
35.Nd5xe3 Qh4h3
36.Ba6c4 Ra8c8
37.Qc6b7 Qh3xf3
38.Bc4xd3 Kh7
39.Qb7b1 Rc8c6
40.Bd2e1 Rc6g6
41.Kf1 Rd8d6
42.Bd3c2 Qf3h3
43.Ke2 Qh3h5
44.Kf1 Qh5xh2
45.Ne3d5 Rg6g1
46.Ke2 Rg1h1
47.Qb1b3 Qh2g1
48.Qb3b1 h5
49.Nd5e3 h4
50.Be1b4 Qg1xb1
{ resign }
0-1

[Event "Match"]
[Site "www.echecsemail.com"]
[Date "2018.12.15"]
[Round "1"]
[White "Eeze"]
[Black "Sonny1000"]
[WhiteElo "1800"]
[BlackElo "1580"]
[Result "1-0"]
[Round "1"]
1.e4 e5
2.Ng1f3 f6
3.Nf3xe5 Qd8e7
4.Qd1h5 Kd8
5.Ne5f7 Ke8
6.Nf7xh8 g6
7.Qh5f3 Nb8c6
8.Bf1c4 Nc6e5
9.Qf3b3 a6
10.Bc4xg8 Qe7g7
11.Bg8d5 Qg7xh8
12.d4 Ne5g4
13.Bc1f4 c5
14.Bd5xb7 Ra8b8
15.Bf4xb8 Bc8xb7
16.Qb3xb7 cxd4
17.Qb7c8 Ke7
18.Qc8c5 Kf7
19.Qc5xd4 Ke7
20.O-O Bf8h6
21.f4 Qh8xb8
22.h3 Bh6xf4
23.Rf1xf4 Qb8xf4
24.hxg4 Qf4xg4
25.Nb1c3 Qg4e6
26.Ra1d1 Kf8
27.Qd4xd7 Qe6e8
28.Qd7xh7 Qe8e7
29.Qh7xg6 Qe7e8
30.Qg6xf6 Qe8f7
31.Rd1d8 { resign }
1-0

[Event "Match"]
[Site "www.echecsemail.com"]
[Date "2018.12.15"]
[Round "1"]
[White "Jovaras"]
[Black "Geodad5"]
[WhiteElo "2130"]
[BlackElo "2130"]
[Result "1-0"]
[Round "1"]
1.e4 e5
2.Ng1f3 d6
3.Bf1c4 h6
4.Nb1c3 Ng8f6
5.d4 exd4
6.Nf3xd4 Bf8e7
7.Bc1e3 O-O
8.O-O Nb8d7
9.Qd1d2 Nd7e5
10.Bc4b3 c5
11.Nd4e2 Ne5g4
12.Be3f4 g5
13.Bf4g3 Nf6h5
14.h3 Nh5xg3
15.Ne2xg3 Ng4f6
16.Rf1e1 Qd8c7
17.Bb3d5 a6
18.f4 Nf6d7
19.Ng3f5 Nd7b6
20.Nf5xh6 Kg7
21.fxg5 Nb6xd5
22.Nc3xd5 Qc7d8
23.h4 Bc8e6
24.Nd5xe7 Qd8xe7
25.Nh6f5 { resign }
1-0

[Event "Tourn. n9986"]
[Site "www.echecsemail.com"]
[Date "2018.12.15"]
[Round "1"]
[White "Zack1984"]
[Black "Orhany24"]
[WhiteElo "2010"]
[BlackElo "2090"]
[Result "1-0"]
[Round "1"]
1.b4 d5
2.Bc1b2 c5
3.bxc5 Nb8c6
4.e3 e5
5.d4 exd4
6.exd4 Ng8f6
7.Nb1d2 Bf8e7
8.Ng1f3 O-O
9.Bf1b5 a6
10.Bb5xc6 bxc6
11.Nf3e5 Qd8c7
12.O-O h6
13.c4 Bc8e6
14.Rf1e1 Ra8b8
15.Bb2c3 Nf6d7
16.Bc3a5 Qc7xa5
17.Ne5xc6 { resign }
1-0

[Event "Tourn. n9982"]
[Site "www.echecsemail.com"]
[Date "2018.12.15"]
[Round "1"]
[White "Numanoid"]
[Black "Jazzy"]
[WhiteElo "2610"]
[BlackElo "2260"]
[Result "1-0"]
[Round "1"]
1.e4 b6
2.d4 Bc8b7
3.Bf1d3 e6
4.Ng1f3 Ng8f6
5.Qd1e2 Bf8e7
6.O-O O-O
7.e5 Nf6e8
8.Nb1d2 d5
9.Rf1e1 c5
10.c3 g6
11.Nd2f1 Ne8g7
12.Bc1h6 a5
13.Nf1e3 Bb7a6
14.Bd3xa6 Nb8xa6
15.Ne3g4 Rf8e8
16.h4 Ng7h5
17.Bh6g5 Na6c7
18.Ng4h6 Kg7
19.g4 Be7xg5
20.hxg5 { resign }
1-0

[Event "Tourn. n10010"]
[Site "www.echecsemail.com"]
[Date "2018.12.15"]
[Round "1"]
[White "Aperturaf"]
[Black "Tonino1"]
[WhiteElo "2720"]
[BlackElo "2270"]
[Result "1-0"]
[Round "1"]
1.e4 d6
2.d4 Ng8f6
3.Nb1c3 c6
4.Ng1f3 Qd8c7
5.e5 dxe5
6.dxe5 Nf6d7
7.e6 fxe6
8.Bf1c4 Nd7f6
9.O-O g6
10.Rf1e1 Nf6d5
11.Qd1d4 Rh8g8
12.Nf3g5 Bf8g7
13.Qd4h4 h6
14.Ng5xe6 Bc8xe6
15.Re1xe6 Nd5f6
16.Bc1f4 Qc7b6
17.Bf4d6 Kd7
18.Re6xe7 Kxd6
19.Ra1e1 g5
20.Qh4g3 Kc5
21.Re1e5 Kxc4
22.Qg3d3 Kb4
23.a3 
1-0

[Event "Match"]
[Site "www.echecsemail.com"]
[Date "2018.12.15"]
[Round "1"]
[White "Hundegana"]
[Black "Blackorblanc"]
[WhiteElo "2080"]
[BlackElo "1649"]
[Result "1-0"]
[Round "1"]
1.e4 g5
2.Bf1c4 g4
3.Qd1xg4 d5
4.Bc4b5 c6
5.Bb5xc6 bxc6
6.Qg4h4 Bf8g7
7.Qh4g5 Bg7f6
8.Qg5g3 Bc8a6
9.exd5 cxd5
10.d3 Nb8c6
11.Ng1e2 Bf6e5
12.f4 Be5c7
13.Qg3g7 { resign }
1-0

[Event "Tourn. n9987"]
[Site "www.echecsemail.com"]
[Date "2018.12.15"]
[Round "1"]
[White "Numanoid"]
[Black "Comrade"]
[WhiteElo "2620"]
[BlackElo "2290"]
[Result "1-0"]
[Round "1"]
1.e4 e6
2.d4 d5
3.e5 c5
4.c3 cxd4
5.cxd4 Nb8c6
6.Ng1f3 Bf8e7
7.Nb1c3 f6
8.Bf1d3 fxe5
9.Nf3xe5 Ng8f6
10.Bc1e3 O-O
11.O-O Nc6xe5
12.dxe5 Nf6d7
13.Qd1h5 g6
14.Bd3xg6 hxg6
15.Qh5xg6 Kh8
16.f4 Nd7xe5
17.fxe5 Qd8e8
18.Rf1xf8 Qe8xf8
19.Ra1f1 Qf8g7
20.Qg6h5 Kg8
21.Be3h6 Qg7h7
22.Qh5e8 { resign }
1-0

[Event "Tourn. n9969"]
[Site "www.echecsemail.com"]
[Date "2018.12.15"]
[Round "1"]
[White "Roque1"]
[Black "Cal"]
[WhiteElo "1900"]
[BlackElo "1740"]
[Result "1-0"]
[Round "1"]
1.e4 e5
2.Ng1f3 d6
3.Bf1c4 h6
4.O-O Ng8f6
5.Nb1c3 Bc8g4
6.d3 c6
7.Bc1e3 b5
8.Bc4b3 Bf8e7
9.a4 b4
10.Nc3a2 a5
11.c3 bxc3
12.Na2xc3 O-O
13.h3 Bg4h5
14.g4 Bh5g6
15.Nf3h4 Nb8d7
16.Nh4xg6 Rf8e8
17.f4 Nd7f8
18.Ng6xe7 Re8xe7
19.f5 Ra8b8
20.Rf1f2 Nf8h7
21.Nc3a2 Nf6d7
22.Qd1c2 d5
23.Qc2xc6 Rb8xb3
24.Qc6xd5 Qd8b8
25.Ra1b1 Nd7f6
26.Qd5xa5 Re7a7
27.Be3xa7 Qb8b7
28.Rf2c2 Rb3xd3
29.Ba7c5 g6
30.fxg6 fxg6
31.Qa5b6 Qb7xe4
32.Qb6b8 Kf7
33.Rb1c1 Rd3g3
34.Kf1 Qe4h1
35.Ke2 Qh1f3
36.Ke1 Qf3h1
37.Ke2 Qh1e4
38.Kd1 Qe4f3
39.Rc2e2 Qf3d3
40.Ke1 g5
41.Rc1c3 Qd3b1
42.Na2c1 Rg3xc3
43.Qb8c7 Kg6
44.Qc7xe5 Rc3xc1
45.Kf2 Rc1f1
46.Kg3 Qb1d3
47.Re2e3 Rf1g1
48.Kh2 Qd3f1
49.Qe5f5 Qf1xf5
50.gxf5 Kxf5
51.Kxg1 Nf6d5
52.Re3f3 Ke4
53.Rf3f7 Nh7f6
54.b4 Nd5c3
55.Rf7xf6 Nc3xa4
56.Rf6xh6 Na4c3
57.Kf2 Nc3d5
58.Kg3 Kf5
59.h4 gxh4
60.Rh6xh4 Nd5c3
61.Rh4f4 Ke6
62.Rf4f3 Nc3e4
63.Kf4 Ne4d2
64.Rf3d3 Nd2c4
65.b5 Nc4a5
66.b6 Na5b7
67.Bc5a3 Kf6
68.Rd3e3 Nb7a5
69.Re3e7 Na5c6
70.b7 Nc6xe7
71.Ba3xe7 Kxe7
72.b8Q { resign }
1-0

[Event "Tourn. n10027"]
[Site "www.echecsemail.com"]
[Date "2018.12.15"]
[Round "1"]
[White "Luban"]
[Black "Bojan"]
[WhiteElo "2080"]
[BlackElo "2030"]
[Result "1-0"]
[Round "1"]
1.d4 g6
2.c4 Bf8g7
3.e3 d5
4.h3 e6
5.Nb1c3 Ng8f6
6.Ng1f3 Nf6e4
7.Bc1d2 Ne4xd2
8.Qd1xd2 c6
9.Bf1d3 Nb8d7
10.O-O f6
11.Qd2c2 Nd7b6
12.c5 Nb6d7
13.a4 b6
14.b4 Bc8b7
15.Ra1c1 e5
16.dxe5 fxe5
17.Bd3xg6 hxg6
18.Qc2xg6 Kf8
19.Nf3g5 Qd8f6
20.Ng5h7 Ke7
21.Nh7xf6 Nd7xf6
22.Qg6xg7 { resign }
1-0

[Event "Tourn. n9972"]
[Site "www.echecsemail.com"]
[Date "2018.12.15"]
[Round "1"]
[White "Orhany24"]
[Black "Estonia"]
[WhiteElo "2050"]
[BlackElo "2000"]
[Result "1/2-1/2"]
[Round "1"]
1.e4 c5
2.Ng1f3 d6
3.d4 cxd4
4.Nf3xd4 Ng8f6
5.Bf1d3 e5
6.Nd4e2 Nb8c6
7.c4 Bc8g4
8.O-O Bf8e7
9.Nb1c3 O-O
10.Bc1e3 Nc6d4
11.f3 Nd4xe2
12.Bd3xe2 Bg4d7
13.Nc3d5 Nf6xd5
14.cxd5 f5
15.Kh1 f4
16.Be3f2 Be7h4
17.Qd1e1 Bh4xf2
18.Qe1xf2 g5
19.Ra1c1 Ra8c8
20.Qf2xa7 b6
21.Rc1xc8 Qd8xc8
22.Qa7xb6 Qc8b8
23.Qb6xb8 Rf8xb8
24.b3 h5
25.h3 Rb8a8
26.a4 Ra8b8
27.Be2c4 g4
28.Kh2 Kg7
29.a5 Rb8a8
30.a6 Kf6
31.Rf1a1 g3
32.Kg1 h4
33.Kf1 Ra8a7
34.Ke2 Bd7c8
35.Kd3 Ke7
36.b4 Kd8
37.b5 Kc7
38.Kc3 Kb6
39.Kb4 Bc8d7
40.Ra1c1 Ra7c7
41.Rc1c3 Rc7a7
42.Bc4d3 Ra7a8
43.Bd3e2 Ra8c8
44.Rc3xc8 Bd7xc8
45.Be2f1 Bc8d7
46.a7 Kxa7
47.Ka5 Bd7c8
48.b6 Kb8
49.Kb5 Kb7
50.Ka5 Bc8d7
51.Bf1a6 Kb8
52.Ba6b5 Bd7c8
53.Bb5a6 Bc8d7
54.Ba6b5 { draw }
1/2-1/2

[Event "Tourn. n10011"]
[Site "www.echecsemail.com"]
[Date "2018.12.15"]
[Round "1"]
[White "Bojan"]
[Black "Yarkov"]
[WhiteElo "1960"]
[BlackElo "2030"]
[Result "0-1"]
[Round "1"]
1.e4 c5
2.Ng1f3 d6
3.b3 Nb8c6
4.Bc1b2 e5
5.Nb1c3 Ng8f6
6.Bf1d3 Bf8e7
7.Bd3c4 O-O
8.h3 a6
9.Qd1e2 b5
10.Bc4d5 Bc8d7
11.Nf3h2 b4
12.Nc3d1 Nf6xd5
13.exd5 Nc6d4
14.Bb2xd4 exd4
15.Qe2f3 a5
16.Nd1b2 Be7g5
17.Nb2c4 Rf8e8
18.Kd1 Qd8e7
19.Nc4b6 Bd7b5
20.Nb6xa8 Bb5e2
21.Kc1 Be2xf3
22.Nh2xf3 Re8xa8
23.Kb2 Bg5f6
24.d3 Qe7b7
25.Rh1e1 Qb7xd5
26.Re1e4 Qd5c6
27.Ra1e1 h6
28.Nf3d2 d5
29.Re4e2 a4
30.g3 axb3
31.cxb3 Qc6a6
{ resign }
0-1

[Event "Match"]
[Site "www.echecsemail.com"]
[Date "2018.12.16"]
[Round "1"]
[White "Zorkvonblitz"]
[Black "Dussek"]
[WhiteElo "1649"]
[BlackElo "1860"]
[Result "1-0"]
[Round "1"]
1.g4 d5
2.g5 g6
3.f4 Bf8g7
4.h4 Bc8g4
5.Bf1h3 Bg4xh3
6.Rh1xh3 e5
7.fxe5 Bg7xe5
8.Rh3e3 Nb8c6
9.d4 Qd8d6
10.dxe5 Nc6xe5
11.Ng1f3 O-O-O
12.Nf3xe5 Rd8f8
13.Qd1d4 Ng8e7
14.Re3d3 Rh8g8
15.Nb1c3 c6
16.Bc1f4 b6
17.O-O-O Ne7f5
18.Qd4a4 Kb7
19.e4 Nf5xh4
20.exd5 Qd6c7
21.Ne5xc6 Qc7d7
22.Qa4xa7 { resign }
1-0

[Event "Match"]
[Site "www.echecsemail.com"]
[Date "2018.12.16"]
[Round "1"]
[White "Ztornad"]
[Black "Gambitmiau"]
[WhiteElo "1910"]
[BlackElo "1900"]
[Result "1-0"]
[Round "1"]
1.e4 Nb8c6
2.Bf1c4 e6
3.Ng1h3 d5
4.exd5 exd5
5.Bc4b3 Qd8e7
6.Kf1 Bc8xh3
7.gxh3 O-O-O
8.d3 Nc6d4
9.Bb3a4 Qe7f6
10.Qd1g4 Kb8
11.Bc1g5 h5
12.Bg5xf6 hxg4
13.Bf6xd8 b5
14.Ba4b3 c6
15.hxg4 f6
16.Bd8a5 b4
17.c3 bxc3
18.Ba5xc3 Nd4f3
19.Nb1d2 Rh8xh2
20.Rh1xh2 Nf3xh2
21.Kg2 Nh2xg4
22.Ra1e1 Ng8e7
23.Bc3b4 Ng4e5
24.Bb3c2 Kb7
25.d4 Kb6
26.dxe5 c5
27.Bb4a3 Ne7c6
28.exf6 gxf6
29.Nd2f3 Nc6a5
30.Re1e6 Kb5
31.Re6xf6 Bf8g7
32.Rf6f7 Bg7h6
33.Rf7xa7 Na5c4
34.Bc2d3 Kc6
35.Ra7a6 Nc4b6
36.Nf3e5 Kb7
37.Ba3xc5 Nb6c4
38.Bd3xc4 { resign }
1-0

[Event "Match"]
[Site "www.echecsemail.com"]
[Date "2018.12.16"]
[Round "1"]
[White "Mitja"]
[Black "Bojan"]
[WhiteElo "1980"]
[BlackElo "2030"]
[Result "0-1"]
[Round "1"]
1.d4 d5
2.e3 a6
3.c3 Ng8f6
4.h3 Nb8c6
5.Ng1f3 g6
6.Bf1e2 Bf8g7
7.Nb1d2 Bc8f5
8.b3 e5
9.dxe5 Nf6e4
10.Nd2xe4 dxe4
11.Nf3d4 Bg7xe5
12.Bc1b2 Nc6xd4
13.cxd4 Be5g7
14.Bb2a3 c6
15.Qd1c2 Qd8a5
16.Qc2d2 Qa5xa3
17.O-O Ra8d8
18.Rf1d1 O-O
19.Qd2c3 c5
20.Be2c4 Rd8d7
21.Qc3c2 Rf8d8
22.dxc5 Bg7xa1
{ resign }
0-1

[Event "Tourn. n9922"]
[Site "www.echecsemail.com"]
[Date "2018.12.16"]
[Round "1"]
[White "Pdebonis"]
[Black "Dougbeer"]
[WhiteElo "2700"]
[BlackElo "2270"]
[Result "1-0"]
[Round "1"]
1.d4 f5
2.g3 e6
3.Bf1g2 Ng8f6
4.c4 c6
5.Ng1h3 Bf8e7
6.O-O O-O
7.b3 d6
8.Bc1b2 Qd8c7
9.Nb1c3 e5
10.e3 Nb8a6
11.f3 Bc8d7
12.Nh3f2 Ra8e8
13.Rf1e1 f4
14.gxf4 exf4
15.e4 Nf6h5
16.Qd1d2 Be7f6
17.Ra1c1 Bd7c8
18.Bb2a3 Rf8f7
19.Re1d1 Qc7d8
20.Qd2b2 Bf6e7
21.b4 Be7f8
22.d5 cxd5
23.Nc3xd5 Qd8g5
24.Nf2d3 b6
25.Qb2f2 Re8e6
26.Ba3b2 Re6g6
27.Rd1d2 Na6c7
28.a4 Nc7xd5
29.cxd5 Bc8h3
30.Nd3e1 Bf8e7
31.Rc1c7 Be7d8
32.Rc7xf7 Kxf7
33.b5 Qg5e7
34.Rd2c2 Bh3xg2
35.Ne1xg2 Qe7d7
36.Qf2e2 Qd7h3
37.Bb2d4 h6
38.a5 bxa5
39.Bd4xa7 Bd8h4
40.e5 dxe5
41.Qe2xe5 Bh4d8
42.Rc2d2 a4
43.Rd2e2 Kg8
44.Qe5e4 Kh7
45.b6 Qh3c8
46.Qe4b1 Qc8c5
47.Kh1 Qc5xd5
48.b7 Qd5xf3
49.Re2f2 { resign }
1-0

[Event "Match"]
[Site "www.echecsemail.com"]
[Date "2018.12.16"]
[Round "1"]
[White "Emmanuel69"]
[Black "Tonino1"]
[WhiteElo "1950"]
[BlackElo "2250"]
[Result "0-1"]
[Round "1"]
1.c4 d6
2.d4 Ng8f6
3.Nb1c3 c6
4.e4 Qd8c7
5.h3 e5
6.d5 c5
7.Ng1f3 a6
8.Bf1d3 g6
9.O-O Bf8g7
10.Rf1e1 O-O
11.a4 Nf6e8
12.Qd1c2 f5
13.Bc1g5 f4
14.g3 fxg3
15.Re1e3 gxf2
16.Qc2xf2 Bc8xh3
17.Qf2g3 Qc7c8
18.Bd3f1 Qc8g4
19.Qg3xg4 Bh3xg4
20.Bf1g2 Nb8d7
21.Ra1f1 h6
22.Bg5h4 Bg7f6
23.Bh4xf6 Ne8xf6
24.Nf3d2 Nf6h5
25.b3 Nh5f4
26.Bg2f3 Nd7f6
27.Bf3xg4 Nf6xg4
28.Re3g3 h5
29.Rf1f3 Kg7
30.Rf3f1 g5
31.Rf1f3 Kg6
32.Rf3f1 Ng4h6
33.Rf1f3 g4
34.Rf3f1 h4
35.Rg3e3 g3
36.Nd2f3 Kh5
37.Nc3e2 g2
38.Rf1d1 Nf4xe2
39.Re3xe2 Rf8xf3
40.Rd1b1 Ra8g8
41.Re2xg2 Rg8g3
42.Rg2xg3 hxg3
43.Kg2 Rf3e3
44.Rb1h1 Kg5
45.Rh1b1 Nh6g4
{ resign }
0-1

[Event "Tourn. n10004"]
[Site "www.echecsemail.com"]
[Date "2018.12.16"]
[Round "1"]
[White "Aperturaf"]
[Black "Tonino1"]
[WhiteElo "2700"]
[BlackElo "2250"]
[Result "1-0"]
[Round "1"]
1.e4 d6
2.d4 Ng8f6
3.Nb1c3 c6
4.f4 Qd8c7
5.Ng1f3 g6
6.Bf1d3 Bf8g7
7.O-O O-O
8.Qd1e1 Nb8d7
9.e5 dxe5
10.fxe5 Nf6e8
11.Qe1h4 f6
12.Bd3c4 Kh8
13.Bc4d3 f5
14.Nf3g5 h6
15.Ng5e6 Qc7b6
16.Bc1xh6 Bg7xe5
17.Bh6g7  { time }
1-0

[Event "Tourn. n9976"]
[Site "www.echecsemail.com"]
[Date "2018.12.16"]
[Round "1"]
[White "Coolant"]
[Black "Tartan"]
[WhiteElo "2340"]
[BlackElo "2590"]
[Result "0-1"]
[Round "1"]
1.Nb1c3 d5
2.d4 Bc8f5
3.f3 Ng8f6
4.g4 Bf5g6
5.g5 Nf6d7
6.Nc3xd5 e6
7.Nd5c3 h6
8.e4 hxg5
9.Bc1e3 Bf8b4
10.Bf1d3 c5
11.Ng1e2 Nb8c6
12.a3 cxd4
13.Ne2xd4 Bb4xc3
14.bxc3 Qd8a5
15.Qd1d2 g4
16.O-O gxf3
17.Nd4xc6 bxc6
18.Rf1xf3 Nd7e5
19.Rf3g3 Ra8d8
20.Be3f4 Bg6xe4
21.Bf4xe5 Qa5xe5
22.Ra1e1 Qe5xg3
23.hxg3 Rh8h1
24.Kf2 Rh1h2
25.Ke3 Rh2xd2
26.Kxd2 Be4d5
27.Re1b1 c5
28.Ke3 f5
29.c4 Bd5c6
30.Kf4 Ke7
31.Ke5 Rd8h8
32.Rb1g1 g5
33.Rg1e1 Rh8h2
34.Re1e2 Rh2h3
35.Bd3xf5 exf5
36.Kxf5 Kd6
37.Re2e3 Rh3h2
38.c3 Rh2a2
39.Kxg5 Ra2xa3
40.Kf6 Ra3a4
41.g4 Ra4xc4
42.g5 Rc4f4
43.Kg7 Rf4f3
{ resign }
0-1

[Event "Tourn. n10027"]
[Site "www.echecsemail.com"]
[Date "2018.12.16"]
[Round "1"]
[White "Fantomas"]
[Black "Luban"]
[WhiteElo "2150"]
[BlackElo "2080"]
[Result "1-0"]
[Round "1"]
1.e4 c6
2.Ng1f3 d5
3.exd5 cxd5
4.d4 e6
5.Bf1d3 h6
6.O-O Ng8f6
7.Rf1e1 Bf8e7
8.c3 a6
9.Qd1c2 b5
10.h3 Bc8b7
11.Bc1f4 Nb8c6
12.Nf3e5 Ra8c8
13.Qc2e2 O-O
14.Qe2e3 Rf8e8
15.Nb1d2 Be7f8
16.Nd2f1 Qd8b6
17.Nf1h2 b4
18.Ra1c1 a5
19.Nh2f3 bxc3
20.bxc3 Nc6xe5
21.Nf3xe5 a4
22.Ne5g4 Nf6xg4
23.hxg4 g5
24.Bf4g3 Qb6c6
25.Bd3f1 f5
26.gxf5 exf5
27.Qe3d2 f4
28.Re1xe8 Rc8xe8
29.Bg3h2 Qc6f6
30.f3 Re8e3
31.Bf1e2 Qf6e7
32.Kf1 Qe7e6
33.Bh2g1 { resign }
1-0

[Event "1/8 Finale"]
[Site "www.chess-mail.com"]
[Date "2018.12.16"]
[Round "1"]
[White "Seger"]
[Black "Chessington"]
[WhiteElo "2840"]
[BlackElo "2820"]
[Result "1/2-1/2"]
[Round "1"]
1.d4 e6
2.e4 d5
3.exd5 exd5
4.Ng1f3 Ng8f6
5.Bf1d3 Bf8d6
6.O-O O-O
7.h3 h6
8.Rf1e1 Nb8c6
9.Nb1c3 Nc6b4
10.Nc3b5 Nb4xd3
11.Qd1xd3 Bd6b4
12.c3 Bb4a5
13.Bc1f4 Nf6e4
14.Nf3d2 c6
15.b4 Ba5b6
16.Nb5a3 Qd8h4
17.Qd3e3 f5
18.f3 Ne4g5
19.Nd2b3 Rf8f6
20.Qe3d2 Ng5e6
21.Bf4h2 f4
22.Kh1 Qh4h5
23.Na3c2 Bb6c7
24.Re1f1 g5
25.Nc2e1 Ne6g7
26.Ne1d3 Ng7f5
27.Rf1e1 Nf5h4
28.Qd2f2 Bc8f5
29.Nd3e5 b6
30.Re1e2 Bc7d6
31.Ra1e1 Rf6f8
32.Ne5xc6 Rf8c8
33.b5 a6
34.Nc6e7 Bd6xe7
35.Re2xe7 axb5
36.Qf2e2 Bf5xh3
37.gxh3 Qh5xf3
38.Qe2xf3 Nh4xf3
39.Re1e2 Rc8xc3
40.Re7e6 Kg7
41.Re6xb6 Rc3e3
42.Re2xe3 fxe3
43.Nb3c1 e2
44.Rb6b7 Kg6
45.Nc1xe2 Ra8xa2
46.Rb7b6 Kf7
47.Rb6b7 Ke6
48.Rb7b6 Kd7
49.Rb6b7 Kc6
50.Rb7e7 b4
51.Bh2g3 Ra2d2
52.Kg2 Nf3xd4
53.Kf1 Nd4xe2
54.Re7xe2 Rd2d1
55.Kf2 b3
56.Bg3e5 d4
57.Re2b2 Kd5
58.Be5xd4 Rd1xd4
{ draw }
1/2-1/2

[Event "Match"]
[Site "www.echecsemail.com"]
[Date "2018.12.17"]
[Round "1"]
[White "Zack1984"]
[Black "Paco"]
[WhiteElo "1370"]
[BlackElo "2030"]
[Result "1-0"]
[Round "1"]
1.b4 e5
2.Bc1b2 d6
3.c4 Nb8c6
4.b5 Nc6d4
5.e3 Nd4f5
6.Qd1c2 Ng8f6
7.Ng1f3 Bf8e7
8.e4 Nf5d4
9.Nf3xd4 exd4
10.Bb2xd4 O-O
11.Bf1e2 c6
12.Nb1c3 c5
13.Bd4e3 Nf6g4
14.Be3f4 g5
15.Bf4g3 b6
16.Nc3d5 Ng4e5
17.a4 Bc8e6
18.O-O g4
19.f4 Ne5g6
20.Nd5xe7 Ng6xe7
21.f5 Be6d7
22.Qc2d3 d5
23.cxd5 Kg7
24.f6 Kh8
25.fxe7 Qd8xe7
26.e5 Ra8c8
27.Qd3c3 Kg8
28.Be2c4 Rc8e8
29.Rf1f6 Qe7d8
30.e6 fxe6
31.Rf6xf8 Re8xf8
32.dxe6 Qd8e7
33.exd7 Rf8f7
34.Ra1f1 Qe7xd7
35.Bg3d6 { resign }
1-0

[Event "Tourn. n10002"]
[Site "www.echecsemail.com"]
[Date "2018.12.17"]
[Round "1"]
[White "Senitram"]
[Black "Apdash"]
[WhiteElo "2600"]
[BlackElo "2350"]
[Result "1-0"]
[Round "1"]
1.Ng1f3 d5
2.d4 Nb8c6
3.c4 e6
4.Nb1c3 Bf8b4
5.e3 Ng8f6
6.Bf1d3 dxc4
7.Bd3xc4 O-O
8.O-O Bb4xc3
9.bxc3 Nf6d5
10.Qd1c2 a6
11.e4 Nd5b6
12.Bc4d3 h6
13.a4 Nc6e7
14.a5 Nb6d7
15.Rf1d1 Nd7f6
16.e5 Nf6d5
17.c4 Nd5b4
18.Bd3h7 Kh8
19.Qc2b1 Nb4c6
20.Bh7e4 f5
21.exf6 Rf8xf6
22.Bc1b2 Rf6f4
23.d5 exd5
24.cxd5 Nc6a7
25.d6 cxd6
26.Qb1c1 Rf4xe4
27.Qc1xh6 { resign }
1-0

[Event "Tourn. n9993"]
[Site "www.echecsemail.com"]
[Date "2018.12.17"]
[Round "1"]
[White "Cemaah"]
[Black "Picifarkinca"]
[WhiteElo "1809"]
[BlackElo "1780"]
[Result "1-0"]
[Round "1"]
1.e4 c6
2.d4 d5
3.exd5 cxd5
4.Bf1d3 Nb8d7
5.Ng1f3 Ng8f6
6.c3 e6
7.O-O Bf8d6
8.Rf1e1 Qd8c7
9.Nb1a3 Bd6xa3
10.bxa3 Qc7xc3
11.Ra1b1 O-O
12.Rb1b3 Qc3c7
13.a4 Rf8e8
14.Bc1d2 Nd7b6
15.Rb3c3 Qc7e7
16.a5 Nb6d7
17.Rc3b3 Qe7d6
18.Bd2b4 Qd6b8
19.Nf3e5 { resign }
1-0